000 01469cad a22002415a 4500
001 L140933
008 071019e20070921xxk f 000 0 eng d
035 _a(Sirsi) u140933
041 0 _aeng
110 2 _aThe Land Registry
_95415
245 0 0 _aReview of the Land Registration Rules 2003
_band the Commonhold (Land Registration) Rules 2004
_h[electronic resource]
260 _aLondon
_bLand Registry
_c2007
490 _aLand Registry Consultation Document
520 _aInvites views on proposed amendments to the Land Registration Rules 2003. The changes aim to ensure that the original intention of provisions is implemented where other interpretations have been substituted or the intention has not been achieved. They also address cases where it is found that matters can be exluded with the benefit of hindsight. They aim to improve service for Land Registry customers and reduce administrative burdens. Responses are due by 14 January 2008.
590 _aKA NTK
650 2 4 _aLAND REGISTRATION RULES 2003
650 2 4 _aLAND REGISTRATION ACT 2002
650 2 4 _aCOMMONHOLD (LAND REGISTRATION) RULES 2004
651 4 _aUnited Kingdom
_y
690 _aPROPERTY-PROPERTY ACQUISITION AND DISPOSAL-REGISTRATION OF TITLE TO PROPERTY-LAND REGISTRATION
856 4 0 _uhttps://consultations.landregistry.gov.uk/gf2.ti/f/47490/1233317.1/pdf/-/Rules%20review%20consultation%202007.pdf
_zView the consultation free of charge at www1.landregistry.gov.uk
942 _n0
999 _c79375
_d79375